000 00281nam a22001217a 4500
008 180924b xxu||||| |||| 00| 0 eng d
041 _aeng
080 _24 ED
_a616.053
100 _a8
101 _aPED
245 _aChild With Chronic Condition
_cJudith.A.V
942 _2udc
_cBK
999 _c48337
_d48337